Die zehn besten Kinderbücher aller Zeiten - Statistiken

Allgemein
  • Dieses Quiz wurde 54 mal gespielt
  • Das Durchschnittsergebnis liegt bei 1 aus 10
Antwortstatistiken
# Kinderbuch % Korrekt
3 Pippi Langstrumpf
94%
2 Alices Abenteuer im Wunderland
15%
5 Der Hobbit
13%
10 Matilda
4%
8 Winnie-the-Pooh
2%
1 Wo die wilden Kerle wohnen
2%
9 Charlottes Netz
0%
6 Der goldene Kompass
0%
4 Der kleine Prinz
0%
7 Der Löwe, die Hexe und der Kleiderschrank
0%
Keine übereinstimmenden Quizze gefunden
Verteilung der Resultate
Anzahl Personen mit jedem Resultat
Perzentil nach korrekt beantworteten Fragen
Ihre Resultats-Entwicklung
Sie haben dieses Quiz noch nicht gespielt